{"text_format":"3","workbook":"xlsx","n_sheets":2,"sheets":["Hoofdblad","CATÉGORIE"],"not_rendered":{"charts":1,"defined_names":2,"pivot_tables":1},"read":"whole","date_system":"1900"}

{"sheet":"Hoofdblad","index":0,"n_rows":28,"n_cols":10,"rows_kept":28,"merged":[[0,1,3,13]]}
[null,"BOODSCHAPPENLIJSTJE BIJWERKEN"]
[]
[]
[]
[]
[null,"Etiquetas de columna"]
[null,"KOPEN","LEVERING AAN HUIS","LOKALE MARKT","ANDER","GROENTE","Totaal algemeen"]
["Sum of  TOTAL ",11.395,127.84,21.52,23.870000000000005,85.88000000000001,270.50500000000005]
[]
[null,"KLAAR?","ITEM ","WINKEL","CATEGORIE","AANTAL.","EENHEIDSPRIJS PER","EENHEID","TOTAAL","NOTITIES"]
[null,"Ja","Perziken","Coho wijngaard","GROENTE",2,"kg",2.99,{"$f":"+H11*F11","v":5.98}]
[null,"Ja","Appels","Coho wijngaard","LOKALE MARKT",3,"kg",1.99,{"$f":"+H12*F12","v":5.97},"Ik heb een kortingsbon"]
[null,"Ja","Bananen","Brede Wereld Importeurs","LOKALE MARKT",1,"bos",3.99,3.99]
[null,"nee","Sla","Markt","LOKALE MARKT",2,"hoofd",2.29,4.58]
[null,"Ja","Tomaten","Markt","LEVERING AAN HUIS",4,"kg",3.49,13.96]
[null,"Ja","Pompoen","Markt","LOKALE MARKT",2,"eenheid",1.5,3]
[null,"nee","Selderij","Brede Wereld Importeurs","LOKALE MARKT",2,"bos",1.99,3.98]
[null,"Ja","Komkommer","Markt","KOPEN",1,"kg",2.29,2.29]
[null,"Ja","Paddenstoelen","Brede Wereld Importeurs","KOPEN",0.5,"kg",2.25,1.125]
[null,"nee","Melk","Lokale producent","KOPEN",2,"liter",3.99,7.98]
[null,"Ja","Kaas","Lokale producent","ANDER",1,"kg",9.99,9.99,"Verscheidenheid aan kazen"]
[null,"Ja","Eieren","Lokale producent","ANDER",2,"dozijn",3.5,7]
[null,"Ja","Huttenkaas","Lokale producent","ANDER",1,"1/2 kg",3.89,3.89]
[null,"nee","Zure room","Lokale producent","ANDER",1,"1/4 kg",2.99,2.99]
[null,"Ja","Yoghurt","Brede Wereld Importeurs","LEVERING AAN HUIS",1,"1/2 kg",4.99,4.99,"Grieks met honing"]
[null,"Ja","Kalfsvlees","Boerenmarkt","GROENTE",10,"kg",7.99,79.9,"Steaks met pancetta"]
[null,"nee","Zalm","Lonja de pescado","LEVERING AAN HUIS",6,"kg",8.99,53.94]
[null,"Ja","Krab","Lonja de pescado","LEVERING AAN HUIS",5,"kg",10.99,54.95]

{"sheet":"CATÉGORIE","index":1,"n_rows":6,"n_cols":1,"rows_kept":6}
["CATEGORIE"]
["GROENTE"]
["KOPEN"]
["LEVERING AAN HUIS"]
["LOKALE MARKT"]
["ANDER"]